00340cam a22001097a 4500008004000000082002600040100002500066245002600091260004700117300001100164440005500175180718b1988 xxu||||| |||| 00| 0 eng d aA81x54 In2/81/21/PT12 aCensus of India 1981 aTripura: census atlas aDelhibThe Controller of Publicationc1988 a107+p. aCensus of India 1981. Series-21, Tripura. Part-XII